Which country is bigger? - Statistics

General Stats
  • This quiz has been taken 115 times
  • The average score is 9 of 10
Answer Stats
Question Answer % Correct
Dominica or the Dominican Republic? Dominican Republic
100%
Ecuador or Equatorial Guinea? Ecuador
100%
Mauritius or Mauritania? Mauritania
100%
North Korea or North Macedonia? North Korea
100%
Iceland or Ireland? Iceland
88%
Saint Lucia or Saint Vincent and the Grenadines? Saint Lucia
88%
Slovenia or Slovakia? Slovakia
88%
Turkey or Turkmenistan? Turkey
88%
Guyana or Guinea? Guinea
75%
Albania or Armenia? Armenia
50%
No matching quizzes found
Score Distribution
Percent of People with Each Score
Percentile by Number Answered
Your Score History
You have not taken this quiz